000 00581cam a22001934a 4500
005 20250605164402.0
008 250528s ||||||||||||||||||||||||d
035 _a24633
040 _aGR-AtMCL
_bgre
_dGR-AtMCL
_eAACR2
245 1 _aEng. Abdullah Fadhalah Al Sulaiti CEO, Nakilat / Offshore Energy Report: NET Zero
260 _c2020
300 _a88
520 _aFleet Management, Audits and Inspections, Data Intelligence Suite.
700 1 _aMunoz Tony
_99497
942 _cCR
710 2 _aThe Maritime Executive
_99838
999 _c9501
_d9501